000 00834nmc a2200289 a 4500
003 AR-BaBNM
005 20251128203606.0
008 136019s1953 ||||||||||||||000 | spa||
040 _cAR-BaBNM
100 1 _aMansilla, Lucio V.
_d1831-1913
245 1 0 _aUna excursión a los indios ranqueles
_n2
260 _aBuenos Aires
_bJackson
_c1953
300 0 _a400 p.
490 0 _aGrandes Escritores Argentinos
_vv. 27
600 1 4 _aSarmiento, Domingo Faustino
_d1868-1874
650 4 _aLITERATURA ARGENTINA
650 4 _aSIGLO DIECINUEVE
650 4 _aHISTORIA DEL EJERCITO
650 4 _aGENERACION DE 1880
650 4 _aABORIGENES ARGENTINOS
650 4 _aCONQUISTA DEL DESIERTO
655 _aLITERATURA
700 1 _aPalcos, Alberto
_eprologuista
800 1 _aPalcos, Alfredo
_edirector
942 _cBK
998 _cisola
999 _c4047
_d4047